000 01779nam a2200253Ia 4500
003 Ost
005 20260507075452.0
008 260507s9999||||xx |||||||||||||| ||und||
020 _a154379957
040 _cfsecg
041 _aara
082 _a338.9
100 _aمعروف، هويشار
_eمؤلف
245 0 _aدراسات في التنمية الاقتصادية :
_bاستراتيجيات التصنيع والتحول الهيكلي- طروحات فكرية وحالات دراسية /
_c هويشار معروف
260 _aعمان:
_bدار صفاء للنشر,
_c2005
300 _a352 صفحة؛
_bإيضاحات ؛
_c25 سم
504 _aبيبليوغرافيا ص.350
520 _aتناول الكتاب مايلي :استراتيجيات التنمية الصناعية في الإقتصادات النامية- تغيرات الناتج التحويلي واتجاهات الإنتاجية والتشغيل- التنمية الصناعية في البلدان النامية وأسبقية التحول التكنولوجي في الإقتصاد الدولي- التحول البنياني وتطور العلاقات القطاعية- تحليل العوامل المؤثرة في الإنتاج الصناعي التحويلي- التوافق بين الطاقة الإنتاجية والطاقة الإستيعابية في القطاع الصناعي التحويلي- دور الصناعات الصغيرة في التنمية الإقتصادية وأسس توطنهاالخصخصة وتطوير كفاءة المنشأة الصناعية
653 _aاستراتيجيات التصنيع
653 _aاقتصاد مالي
653 _aالتحول الهيكلي
653 _aالتنمية اقتصادية
942 _cكتاب
999 _c44641
_d44641